Normal view
MARC view
Entry Personal Name
001 - CONTROL NUMBER
- control field: 25998
003 - CONTROL NUMBER IDENTIFIER
- control field: ARRUPE
005 - DATE AND TIME OF LATEST TRANSACTION
- control field: 20160920144723.0
008 - FIXED-LENGTH DATA ELEMENTS
- fixed length control field: 160920|| aca||aabn | a|a d
040 ## - CATALOGING SOURCE
- Original cataloging agency: ARRUPE
- Transcribing agency: ARRUPE
100 ## - HEADING--PERSONAL NAME
- Personal name: Ngara, E. A.
670 ## - SOURCE DATA FOUND
- Source citation: Work cat.: (ARRUPE)0: Ngara, E. A., Bilingualism, language contact, and language planning :, 1982.